000 06269cam a22020174i 4500
003 PE-LiUPU
005 20250813165826.0
008 150706s2009 sp a rb 000 0 spa d
020 _a8483225085
020 _a9788483225080
035 _a(Sirsi) i9788483225080
040 _aPE-LiUPU
_bspa
_cPE-LiUPU
_dPE-LiUPU
_erda
049 _aPRUA
082 0 4 _a610.73
_bS61
_221
082 0 4 _a614
_bS61 T2
_221
100 1 _aSmith, Sandra F.,
_eautor.
245 1 0 _aTécnicas de enfermería clínica :
_bde las técnicas básicas a las avanzadas /
_cSandra F. Smith, Donna J. Duell, Barbara C. Martin.
250 _a7a edición.
264 1 _aMadrid :
_bPearson Educación,
_c2009.
300 _a1459 páginas :
_bilustraciones ;
_c27 centímetros.
300 _a02 CD-ROM
336 _atext
_2rdacontent
337 _aunmediated
_2rdamedia
338 _avolume
_2rdacarrier
490 0 _aEnfermería
504 _aIncluye bibliografía.
505 0 _aEliminación urinaria -- Eliminación intestinal -- Tratamientos con calor y frio -- Cuidado de la herida y apósitos -- Asistencia respiratoria -- Mantenimiento circulatorio -- Terapia intravenosa -- Dispositivos de acceso vascular -- Intervenciones ortopédicas -- Cuidado perioperatorio -- Asistencia al final de la vida -- Técnicas avanzadas de enfermería -- Enfermería comunitaria.
526 _aP203
526 _aP200
526 _aSEG65
526 _aSEG64
526 _aSEG63
526 _aSEG62
526 _aSEG61
526 _aSEG60
526 _aSEG59
526 _aSEG58
526 _aSEG57
526 _aSEG56
526 _aSEG55
526 _aSEG54
526 _aSEG53
526 _aSEG52
526 _aSEG51
526 _aSEG50
526 _aSEG49
526 _aSEG48
526 _aSEG47
526 _aSEG46
526 _aSEG24
526 _aSEG23
526 _aSEG22
526 _aSEG21
526 _aSEG20
526 _aSEG19
526 _aSEG18
526 _aSEG17
526 _aSEG16
526 _aSEG14
526 _aSEG13
526 _aSEG12
526 _aSEG11
526 _aSEG10
526 _aSEG09
526 _aSEG06
526 _aSEG05
526 _aSEG04
526 _aSEG03
526 _aSEG02
526 _aSEG68
526 _aSEG66
526 _aSEG45
526 _aSEG25
526 _aSEG01
526 _aP163
526 _aP162
526 _aP161
526 _aP160
526 _aP159
526 _aP158
526 _aP157
526 _aP156
526 _aP155
526 _aP154
526 _aP153
526 _aP152
526 _aP151
526 _aP150
526 _aP149
526 _aP142
526 _aP141
526 _aP140
526 _aP139
526 _aP138
526 _aP137
526 _aP132
526 _aP131
526 _aP130
526 _aP126
526 _aP125
526 _aP124
526 _aP123
526 _aP115
526 _aP122
526 _aP121
526 _aP116
526 _a P114
526 _aP112
526 _aP111
526 _aP104
526 _aP103
526 _aP102
526 _aP101
526 _aP100
526 _aP96
526 _aP95
526 _aP93
526 _aP92
526 _aP91
526 _aP88
526 _aP83
526 _aP82
526 _aP79
526 _aP78
526 _aP75
526 _aP74
526 _aP71
526 _aP69
526 _a P51
526 _aP49
526 _aP48
526 _aP47
526 _aP33
526 _aP31
526 _a P30
526 _aP29
526 _aP27
526 _aP26
526 _aP25
526 _aP24
526 _a P22
526 _aP10
526 _aP09
526 _a P08
526 _aP06
526 _aP05
526 _aP04
526 _aP01
541 _g0001-001817;
541 _g001-000002;
541 _g001-000072;
541 _g001-000125;
650 0 4 _aEnfermería.
_93122
700 1 _aDuell, Donna J.,
_eautor.
700 1 _aMartin, Barbara C.,
_eautor.
910 _agl
_bjv
_clch
_d20110802
942 _2ddc
_cBOOK
949 _a610.73 S61 2
_wDEWEY
_c1
_i63145
_lCCODEBUL1
_mBUL
_p56.00
_r0
_sY
_tBOOK
_u2015-7-6
_xSALUD
_PP22
_o.STAFF. Colección Ciencias de la Salud
949 _a610.73 S61 2
_wDEWEY
_c2
_i63396
_lCCODEBUL1
_mBUL
_p50.00
_r0
_sY
_tBOOK
_u2015-7-6
_xSALUD
_PP22
_o.STAFF. Colección Ciencias de la Salud
949 _a610.73 S61 2
_wDEWEY
_c3
_i66163
_lCCODEBUL1
_mBUL
_p68.00
_r0
_sY
_tBOOK
_u2015-7-6
_xSALUD
_PP22
_o.STAFF. Colección Ciencias de la Salud
949 _a610.73 S61 2
_wDEWEY
_c4
_i69298
_lCCODEBUL1
_mBUL
_p183.00
_r0
_sY
_tBOOK
_u2015-7-6
_xSALUD
_PP22
_o.STAFF. Colección Ciencias de la Salud
949 _a614 S61 T2 2009
_wDEWEY
_c1
_iFJ06390
_lCCODEBUJ1
_mBUJ
_p50.00
_r0
_sY
_tBOOK
_u2017-02-02
_xSALUD
_zENFERMERÍA
_0COMPRA
_o.STAFF. Colección General Juliaca
994 _aC0
_bPEPRU
596 _a1 3
999 _a610.73 S61 2
_wDEWEY
_c52159
_i63145
_d52159
_e2019-10-6
_f2021-11-3
_g5
_lCCODEBUL1
_mBUL
_n2
_p56.00
_q2
_r0
_sY
_tBOOK
_u2015-7-6
_xSALUD
_zP22
_0COMPRA
_o.STAFF. Colección Ciencias de la Salud
999 _a610.73 S61 2
_wDEWEY
_c2
_i63396
_d2018-4-1
_f2021-11-3
_g5
_lCCODEBUL1
_mBUL
_p50.00
_q2
_r0
_sY
_tBOOK
_u2015-7-6
_xSALUD
_zP22
_0COMPRA
_o.STAFF. Colección Ciencias de la Salud
999 _a610.73 S61 2
_wDEWEY
_c3
_i66163
_d2022-6-10
_e2022-6-8
_f2021-11-3
_g5
_lCCODEBUL1
_mBUL
_n3
_p68.00
_q2
_r0
_sY
_tBOOK
_u2015-7-6
_xSALUD
_zP22
_0COMPRA
_o.STAFF. Colección Ciencias de la Salud
999 _a610.73 S61 2
_wDEWEY
_c4
_i69298
_d2019-10-7
_e2019-8-19
_f2021-11-3
_g5
_lCCODEBUL1
_mBUL
_n7
_p183.00
_q1
_r0
_sY
_tBOOK
_u2015-7-6
_xSALUD
_zP22
_0COMPRA
_o.STAFF. Colección Ciencias de la Salud
999 _a614 S61 T2 2009
_wDEWEY
_c1
_iFJ06390
_d2017-4-27
_e2017-4-24
_f2022-1-25
_g4
_lCCODEBUJ1
_mBUJ
_n2
_p50.00
_r0
_sY
_tBOOK
_u2017-2-1
_xSALUD
_PP22
_0COMPRA
_o.STAFF. Colección General Juliaca
980 _81
_gALBERTO SANCHEZ Responsable de Automatización